<?xml version="1.0" encoding="UTF-8"?>
<collection xmlns="http://www.loc.gov/MARC21/slim">
 <record>
  <leader>01142nam a22001697a 4500</leader>
  <controlfield tag="001">NCT_4_005102</controlfield>
  <controlfield tag="008">240229b        xxu||||| |||| 00| 0 vie d</controlfield>
  <datafield tag="999" ind1=" " ind2=" ">
   <subfield code="c">8136</subfield>
   <subfield code="d">8136</subfield>
  </datafield>
  <datafield tag="082" ind1="0" ind2="4">
   <subfield code="2">23rd ed.</subfield>
   <subfield code="a">615.1</subfield>
   <subfield code="b">V300D</subfield>
  </datafield>
  <datafield tag="245" ind1="0" ind2="0">
   <subfield code="a">Vidal 1998 Việt Nam</subfield>
  </datafield>
  <datafield tag="260" ind1=" " ind2=" ">
   <subfield code="a">Cà Mau</subfield>
   <subfield code="b">Mũi Cà Mau</subfield>
   <subfield code="c">1998</subfield>
  </datafield>
  <datafield tag="300" ind1=" " ind2=" ">
   <subfield code="a">643tr.</subfield>
   <subfield code="c">29 cm</subfield>
  </datafield>
  <datafield tag="520" ind1="3" ind2=" ">
   <subfield code="a">Nội dung sách giúp cho cán bộ y tế có được hình ảnh hoạt động của từng công ty, xí nghiệp dược phẩm. Bài chuyên khảo cung cấp tư liệu đầy đủ cho từng loại thuốc. Phần tương tác trong trường hợp sử dụng nhiều loại thuốc cùng một lúc đã hỗ trợ cho các bác sĩ, dược sĩ trong khi kê đơn, hướng dẫn sử dụng thuốc một cách hợp lý và an toàn cho bệnh nhân.</subfield>
  </datafield>
  <datafield tag="653" ind1=" " ind2=" ">
   <subfield code="a">Dược học</subfield>
  </datafield>
  <datafield tag="942" ind1=" " ind2=" ">
   <subfield code="2">ddc</subfield>
   <subfield code="c">BK</subfield>
  </datafield>
  <datafield tag="952" ind1=" " ind2=" ">
   <subfield code="0">0</subfield>
   <subfield code="1">0</subfield>
   <subfield code="2">ddc</subfield>
   <subfield code="4">0</subfield>
   <subfield code="6">615_100000000000000_V300D</subfield>
   <subfield code="7">0</subfield>
   <subfield code="9">28684</subfield>
   <subfield code="a">000001</subfield>
   <subfield code="b">000001</subfield>
   <subfield code="d">2024-02-29</subfield>
   <subfield code="o">615.1 V300D</subfield>
   <subfield code="p">MD.22309</subfield>
   <subfield code="r">2024-02-29</subfield>
   <subfield code="w">2024-02-29</subfield>
   <subfield code="y">BK</subfield>
  </datafield>
  <datafield tag="980" ind1=" " ind2=" ">
   <subfield code="a">Thư viện Trường Đại học Nam Cần Thơ</subfield>
  </datafield>
 </record>
</collection>
